| 000 | 00920nam a2200241 a 4500 | ||
|---|---|---|---|
| 001 | BRCA_1795 | ||
| 005 | 20190320203543.0 | ||
| 008 | 980102s1997 sp-a---##b---#000-0#spa-# | ||
| 020 | _a8476645767 | ||
| 040 |
_aDLC _cDLC _dDLC |
||
| 050 | 4 |
_aND809 _b.P56 1997 |
|
| 245 | 1 | 0 | _aLos pintores modernistas en el Círculo del Liceo. |
| 260 |
_aBarcelona _bFundación Caixa _c1997 |
||
| 300 |
_a135 p. _bil. a color _c30 cm. |
||
| 500 | _aCatálogo de la exposición realizada en el Hospital de los Venerables, 4 junio - 13 julio 1997 y en la Fundación La Caixa, 22 julio - 7 septiembre, 1997 | ||
| 500 | _aColección Sonia Corcuera de Mancera | ||
| 504 | _aBibliografía: p. 123-135 | ||
| 610 | 2 | 4 |
_aCírculo del Liceo (Barcelona, España) _vExposiciones _95598 |
| 650 | 1 | 4 |
_aPintura catalana _vExposiciones _ySiglo XIX _95599 |
| 650 | 1 | 4 |
_aModernismo (Arte) _vExposiciones _zEspaña _95600 |
| 902 | _aDSC | ||
| 942 |
_2lcc _cB |
||
| 999 |
_c1577 _d1577 |
||